000 00693nab a2200181 4500
001 244442
003 OSt
005 20240625103432.0
007 tu
008 200917s2020|||||||
040 _aDE-2950
_cDE-2950
245 0 0 _aKirchentag bricht Rekorde
_bReligion. Die Christlichen Begegnungstage wurden am Sonntag mit einem der größten Gottesdienst beendet, die es je in Frankfurt gab. Zuvor hatten 4000 Menschen an einer einen Kilometer langen Tafel gespeist/
_cInes Weber-Rath
264 _c2024
653 _aFrankfurt (Oder)
653 _aChristliche Begegnungstage
773 0 _g35. Jahrgang (2024) Nr. 133 vom 10.06.2024, S. 13 mit Foto
_tMärkische Oderzeitung
942 _2z
_cA
999 _c373205
_d373205